| 000 | 01984nam0a2200433 4500 | ||
|---|---|---|---|
| 001 | RU\NLR\bibl\865332 | ||
| 005 | 20260405085858.0 | ||
| 010 | _a5-484-00180-3 | ||
| 021 |
_aRU _b2005-60958 _92990 |
||
| 035 | _a(NLR Aleph) 000853984 | ||
| 090 |
_a1497869 _c1497869 |
||
| 100 | _a20051102d2005 |||y0rusy50 ca | ||
| 101 | 1 |
_arus _ceng |
|
| 102 | _aRU | ||
| 105 | _aa ||||||||| | ||
| 200 | 1 |
_aВремя, хаос, квант _dTime, chaos, quantum _eк решению парадокса времени _fИ. Пригожин, И. Стенгерс _gпер. с англ. Ю.А. Данилова _gпод ред. В.И. Аршинова _zeng |
|
| 205 | _aИзд. 6-е | ||
| 210 |
_aМосква _cКомКнига _cURSS _d2005 |
||
| 215 |
_a229 с. _cил. _d21 |
||
| 225 | 1 | _aСерия "Синергетика: от прошлого к будущему" | |
| 300 | _aАвт. также на англ. яз.: I. Prigogine, I. Stengers | ||
| 300 | _aНа обороте тит.л. 1-й авт.: лауреат Нобелев. премии Илья Пригожин | ||
| 313 | _aИздание пров. | ||
| 320 | _aБиблиогр. в прим.: с. 214-222 | ||
| 320 | _aИмен. указ.: с. 223-225 | ||
| 320 | _aПредм. указ.: с. 226-229 | ||
| 510 | 0 |
_6z73790 _aTime, chaos, quantum _zeng |
|
| 606 | 1 |
_aФизика _xФилософские вопросы _91239968 _3RU\NLR\auth\66189027 |
|
| 686 | _aВ31в | ||
| 700 | 1 |
_4070 _7ca _8rus _aПригожин _bИ. P. _f1917-2003 _gИлья Романович _914720 _3RU\NLR\auth\7731710 |
|
| 701 | 1 |
_4070 _7ca _8rus _aСтенгерс _bИ. _gИзабелла _914726 _3RU\NLR\auth\7731716 |
|
| 790 | 1 |
_4070 _7ba _8rus _aPrigožin _bI. R. _f1917-2003 _gIl'ja Romanovič _914725 _3RU\NLR\auth\7731715 |
|
| 790 | 1 |
_4070 _7ba _8rus _aStengers _bI. _914728 _3RU\NLR\auth\7731718 |
|
| 801 | 0 |
_aRU _bNLR _c20051102 _grcr |
|
| 801 | 1 |
_aRU _bNLR _c20051102 |
|
| 830 | _a1 авт. по эк | ||
| 942 | _cBOOK | ||
| 980 | _aNB | ||